Protección y desafíos del derecho a la libertad en Colombia : (Registro nro. 677)
[ vista simple ]
| 000 -LEADER | |
|---|---|
| fixed length control field | 02212nmm a2200265 a 4500 |
| 003 - CONTROL NUMBER IDENTIFIER | |
| control field | CO-CtgCURN |
| 005 - DATE AND TIME OF LATEST TRANSACTION | |
| control field | 20250530222725.0 |
| 008 - FIXED-LENGTH DATA ELEMENTS--GENERAL INFORMATION | |
| fixed length control field | 240219s2023 xx f 000 0 und d |
| 040 ## - CATALOGING SOURCE | |
| Original cataloging agency | CO-CtgCURN |
| Language of cataloging | spa |
| Transcribing agency | coctgcurn |
| 082 ## - DEWEY DECIMAL CLASSIFICATION NUMBER | |
| Classification number | DER 2023 |
| Item number | S485p |
| 100 ## - MAIN ENTRY--PERSONAL NAME | |
| Personal name | Serje Maury, Stanley Gonzalo |
| Relator term | autor |
| 9 (RLIN) | 9017 |
| 245 #0 - TITLE STATEMENT | |
| Title | Protección y desafíos del derecho a la libertad en Colombia : |
| Remainder of title | un estudio constitucional |
| Medium | [electronic resource] / |
| Statement of responsibility, etc. | Stanley Gonzalo Serje Maury; tutora., Margarita Rosa Rodelo García |
| 260 ## - PUBLICATION, DISTRIBUTION, ETC. | |
| Place of publication, distribution, etc. | Barranquilla, Atlántico : |
| Name of publisher, distributor, etc. | Corporación Universitaria Rafael Núñez, |
| Date of publication, distribution, etc. | 2023 |
| 300 ## - PHYSICAL DESCRIPTION | |
| Extent | 1 recurso en línea (34 páginas (PDF)) : |
| 502 ## - DISSERTATION NOTE | |
| Dissertation note | Trabajo de Grado (Abogado). Corporación Universitaria Rafael Núñez. Facultad de Ciencias Sociales y Humanas. Programa de Derecho, 2023 |
| 504 ## - BIBLIOGRAPHY, ETC. NOTE | |
| Bibliography, etc. note | Incluye referencias bibliográficas |
| 520 ## - SUMMARY, ETC. | |
| Summary, etc. | La presente tesis se adentra en una exploración detallada y crítica del derecho a la libertad en Colombia desde una perspectiva constitucional. A través de un análisis exhaustivo, se abordan tanto la evolución histórica de este derecho como los retos contemporáneos que enfrenta en el contexto colombiano. El derecho a la libertad es un pilar fundamental de cualquier sistema democrático y, en el caso de Colombia, se encuentra arraigado en la Constitución Política de 1991. Esta carta magna marcó un hito en la historia del país al establecer un marco legal que garantiza una serie de derechos fundamentales, incluyendo la libertad individual. Sin embargo, la implementación efectiva de estos derechos ha enfrentado obstáculos significativos a lo largo del tiempo, y es precisamente esta dinámica la que se aborda en esta investigación. |
| 521 ## - TARGET AUDIENCE NOTE | |
| Target audience note | AREA PROFESIONAL |
| 590 ## - LOCAL NOTE (RLIN) | |
| Local note | Programa de Derecho_18 |
| 650 ## - SUBJECT ADDED ENTRY--TOPICAL TERM | |
| Topical term or geographic name entry element | Derecho |
| Form subdivision | Tesis y disertaciones académicas |
| 9 (RLIN) | 9018 |
| 700 ## - ADDED ENTRY--PERSONAL NAME | |
| Personal name | Rodelo García, Margarita Rosa |
| Relator term | tutora |
| 9 (RLIN) | 9019 |
| 856 ## - ELECTRONIC LOCATION AND ACCESS | |
| Uniform Resource Identifier | <a href="https://unicurn.sharepoint.com/:b:/s/biblioteca/EVuLRQgOR6hBiLw8r8MCWtQB63YQS3BEVoYm-ip-fyUlyA?e=9fZPux">https://unicurn.sharepoint.com/:b:/s/biblioteca/EVuLRQgOR6hBiLw8r8MCWtQB63YQS3BEVoYm-ip-fyUlyA?e=9fZPux</a> |
| Link text | Consulte aquí el texto completo |
| 942 ## - ADDED ENTRY ELEMENTS (KOHA) | |
| Koha item type | Trabajos de grado |
| Classification part | DER 2023 |
| Item part | S485p |
| Source of classification or shelving scheme | Dewey Decimal Classification |
| Suppress in OPAC | No |
| Withdrawn status | Lost status | Source of classification or shelving scheme | Damaged status | Not for loan | Collection | Home library | Current library | Shelving location | Date acquired | Inventory number | Total checkouts | Full call number | Barcode | Date last seen | Copy number | Price effective from | Koha item type |
|---|---|---|---|---|---|---|---|---|---|---|---|---|---|---|---|---|---|
| Dewey Decimal Classification | Trabajos de grado | Miguel Henríquez Castañeda Barranquilla | Miguel Henríquez Castañeda Barranquilla | Trabajo de grado | 02/19/2024 | 05335 | DER 2023 S485p | 05335 | 02/19/2024 | ej.1 | 02/19/2024 | Trabajos de grado |